Código Penal de la República Argentina y sus leyes y decretos complementarios

Uloženo v:
Podrobná bibliografie
Médium: Kniha
Jazyk:španělština
Vydáno: Buenos Aires Víctor P. de Zavalia 1962
Témata:
Tagy: Přidat tag
Žádné tagy, Buďte první, kdo vytvoří štítek k tomuto záznamu!

MARC

LEADER 00000nam a2200000 a 4500
001 UCS0266
003 CL-VaPUC
008 970418e19620000AG |||||||||||||||||spa|d
082 0 4 |a 345.82  |b COD  |2 21 
245 1 0 |a Código Penal de la República Argentina y sus leyes y decretos complementarios 
300 |a 142 p 
942 |c BK 
945 |d 19970418 00:00:00  |a paguirre 
260 |a Buenos Aires  |b Víctor P. de Zavalia  |c 1962 
650 7 |a DERECHO PENAL  |2 CL-VaPUC  |9 11 
650 0 |a Códigos  |9 352314 
650 0 |a Ley penal  |9 256611 
650 0 |a Penas   |9 255927 
650 7 |a TENTATIVA  |2 CL-VaPUC  |9 383364 
650 7 |a PARTICIPACION CRIMINAL  |2 CL-VaPUC  |9 383238 
650 0 |a CONCURSO DEL DELITO  |9 358121 
650 7 |a DELITOS CONTRA LAS PERSONAS  |2 CL-VaPUC  |9 256124 
650 7 |a HOMICIDIO  |2 CL-VaPUC  |9 336529 
650 7 |a DUELO  |2 CL-VaPUC  |9 383482 
650 7 |a DELITOS CONTRA EL HONOR  |2 CL-VaPUC  |9 383520 
650 0 |a Violación   |9 383399 
650 0 |a Adulterio  |9 320729 
650 7 |a DELITOS CONTRA LA LIBERTAD  |2 CL-VaPUC  |9 368474 
650 0 |a Delitos contra la propiedad   |9 256091 
650 0 |a Hurto  |9 368483 
650 7 |a DELITOS CONTRA LA SEGURIDAD DEL ESTADO  |2 CL-VaPUC  |9 383521 
650 0 |a Delitos contra la administración   |9 368519 
651 0 |a Argentina  |9 254888 
583 |a last modification  |c 19970418 00:00:00  |k Rodrigo Vera 
999 |c 258505  |d 258503 
952 |0 0  |1 0  |4 0  |6 345_820000000000000_COD_1962  |7 0  |8 X  |9 282670  |a BIBDER  |b BIBDER  |d 2019-11-19  |i 1833030  |o 345.82 COD 1962  |p 1833030  |r 2023-01-25  |w 2019-11-19  |y BK_X  |k DER